Indija v drevnosti : (sbornik statej) /

Další autoři: Struve, Vasilij Vasil‘jevič, 1889-1965, Bongard-Levin, Grigorij Maksimovič, 1933-2008
Jazyk: Ruština
Vydáno: Moskva : Nauka, 1964
Fyzický popis: 258 s., obr. příl. : il.
Knihy
Uloženo v:
LEADER 00747nam a22002052a 4500
001 001760297
003 CZ BrMZK
005 20200923092116.0
007 ta
008 200723s1964 ru af er|||||||||||rus d
040 |a ABA007  |b cze  |d ABA007  |d BOA001 
245 0 0 |a Indija v drevnosti :  |b (sbornik statej) /  |c pod redakcijej V.V. Struve, G.M. Bongard-Levina 
260 |a Moskva :  |b Nauka,  |c 1964 
300 |a 258 s., obr. příl. :  |b il. 
700 1 |a Struve, Vasilij Vasil‘jevič,  |d 1889-1965  |7 jo20181000936  |4 edt 
700 1 |a Bongard-Levin, Grigorij Maksimovič,  |d 1933-2008  |7 jn19981000305  |4 edt 
910 |a BOA001  |b 3-0531.690 
990 |a BK 
991 |b 202007 
996 7 |b 2618891650  |c 3-0531.690  |l MZK  |r Sklad / do 1 hodiny  |n 0  |w 001815785  |u 000010  |a 1  |e BOA001  |j MZK50  |s A